000 00657cam a22002054a 4500
999 _c2442
_d2442
001 19055
003 BD-DhUAP
005 20200224192235.0
008 200224s1979 nyua 000 0beng
020 _a0471026972
040 _aDLC
_cDLC
_dBD-DhUAP
_bEng
082 0 0 _a720 KEM
_223
100 _aKemper, Alfred M.
245 1 0 _aArchitectural handbook :
_benvironmental analysis, architectural programming, design and technology, and construction /
_cAlfred M. Kemper.
260 _aNew York :
_bJohn Wiley & Sons,
_cc1979.
300 _axx, 591 pages :
_billustrations ;
_c30 cm.
500 _aIncludes index.
650 _aArchitecture.
942 _2ddc
_cBK